تحميل...
No Time on Our Side
| المؤلف الرئيسي: | |
|---|---|
| التنسيق: | Printed Book |
| منشور في: |
England
Nautical
1975
|
| LEADER | 00385nam a22001217a 4500 | ||
|---|---|---|---|
| 082 | |a 910.454 |b CHA/NO | ||
| 100 | |a Chapman Roger | ||
| 245 | |a No Time on Our Side | ||
| 260 | |a England |b Nautical |c 1975 | ||
| 300 | |a 168p. |b HB | ||
| 942 | |c BK | ||
| 999 | |c 3985 |d 3985 | ||
| 952 | |0 0 |1 0 |4 0 |6 910_454000000000000_CHA_NO |7 0 |8 NFIC |9 4978 |a KUFOS |b KUFOS |c GEN |d 2016-05-27 |o 910.454 CHA/NO |p 02780 |r 2016-05-27 |w 2016-05-27 |y BK | ||